| 000 | 00656nam a22002297a 4500 | ||
|---|---|---|---|
| 003 | OSt | ||
| 005 | 20220107122812.0 | ||
| 008 | 160510b xxu||||| |||| 00| 0 eng d | ||
| 020 | _a9781680940466 | ||
| 040 | _cIIITMK | ||
| 082 | _a005.133C++ CZA/O | ||
| 100 |
_aCzajkowski, Daan _99311 |
||
| 245 |
_aObject oriented programming in C++ _cDaan Czajkowski et. al. |
||
| 260 |
_aNew York, _bArcler Press, _c2016. |
||
| 300 | _a268p. | ||
| 650 |
_aCOMPUTER SCIENCE _99312 |
||
| 650 |
_aCOMPUTER PROGRAMMING _99313 |
||
| 650 |
_aOBJECT ORIENTED PROGRAMMING _99314 |
||
| 650 |
_aC++ PROGRAMMING _99315 |
||
| 700 |
_aJew, Qiang Chew _99316 |
||
| 942 |
_2ddc _cBK |
||
| 999 |
_c5135 _d5135 |
||